<?xml version="1.0" encoding="UTF-8"?>
<collection xmlns="http://www.loc.gov/MARC21/slim">
 <record>
  <leader>00594cam a2200157 7i4500</leader>
  <controlfield tag="001">0000003939</controlfield>
  <controlfield tag="005">20061125090000.0</controlfield>
  <datafield tag="090" ind1="0" ind2="0">
   <subfield code="a">QH 90.57 B5 </subfield>
   <subfield code="b">B5</subfield>
  </datafield>
  <datafield tag="245" ind1="0" ind2="0">
   <subfield code="a">Biological data in water pollution assessment : </subfield>
   <subfield code="b">quantitative and statistical analysis  </subfield>
   <subfield code="c">editors, K. L. Dickson, John Cairns, Robert J. Livingston.</subfield>
  </datafield>
  <datafield tag="260" ind1="0" ind2="0">
   <subfield code="a">Philadelphia: </subfield>
   <subfield code="b">ASTM, </subfield>
   <subfield code="c">1978.</subfield>
  </datafield>
  <datafield tag="300" ind1="#" ind2="#">
   <subfield code="a">184 p.: </subfield>
   <subfield code="b">ill; </subfield>
   <subfield code="c">24 cm..</subfield>
  </datafield>
  <datafield tag="650" ind1="0" ind2="0">
   <subfield code="a">Water quality bioassa -- </subfield>
   <subfield code="x">Congresses </subfield>
  </datafield>
  <datafield tag="700" ind1="1" ind2="1">
   <subfield code="a">Cairns, </subfield>
   <subfield code="h">John </subfield>
  </datafield>
  <datafield tag="700" ind1="1" ind2="1">
   <subfield code="a">Livingston, </subfield>
   <subfield code="h">Robert J. </subfield>
  </datafield>
  <datafield tag="700" ind1="1" ind2="1">
   <subfield code="a">Dicksonh, </subfield>
   <subfield code="h">Kenneth L. </subfield>
  </datafield>
  <datafield tag="999" ind1=" " ind2=" ">
   <subfield code="a">1000392672</subfield>
   <subfield code="b">Book</subfield>
   <subfield code="c">Open Shelf</subfield>
   <subfield code="e">KOLEKSI TERBUKA</subfield>
  </datafield>
 </record>
</collection>
